| 000 | 01017nam a22002057a 4500 | ||
|---|---|---|---|
| 005 | 20210325185700.0 | ||
| 008 | s2512 th tha d | ||
| 041 | _atha | ||
| 090 | _aอศ ส735พ 2512 | ||
| 245 | 1 | 0 | _aพิมพ์เป็นอนุสรณ์ในงานพระราชทานเพลิงศพ พลโท พระยาสีหราชฤทธิไกร (ป.ม., ท.จ.ว., ท.ช.) (ม.ล.ชวย ฉัตรกุล) |
| 260 | 3 |
_aพระนคร : _bโรงพิมพ์กรมแผนที่ทหาร, _c2512 |
|
| 300 |
_a96 หน้า : _b ภาพประกอบ ; _c 24 ซม. |
||
| 650 | 0 | 4 | _aชวย ฉัตรกุล, ม.ล., 2424 -- 2511 |
| 650 | 0 | 4 | _aสำนักพระราชวัง -- ระเบียบ |
| 650 | 0 | 4 | _aสีหราชฤทธิไกร, พระยา, 2424 -- 2511 |
| 850 | _aNALT | ||
| 942 | _cCRE | ||
| 997 | _c000000000023592 | ||
| 998 | _aSAIPHON DEENGAM | ||
| 999 |
_c23592 _d23592 |
||